Statistiques concernant Pays du monde - cinq minutes de sprint (sans carte)

Cliquez ici pour prendre le quiz!

Statistiques générales

  • Ce quiz a été pris 17 093 fois
  • Le résultat moyen est 96 sur 196

Statistiques - réponses

Réponse% Correct
France
91%
Espagne
85%
Russie
82%
Allemagne
81%
Canada
81%
Chine
79%
Portugal
79%
Brésil
77%
Italie
76%
Suède
76%
Belgique
74%
Etats-Unis
74%
Finlande
74%
Argentine
73%
Irlande
73%
Australie
72%
Japon
72%
Mexique
72%
Norvège
72%
Algérie
71%
Andorre
71%
Islande
71%
Albanie
70%
Maroc
70%
Suisse
70%
Chili
69%
Estonie
69%
Lituanie
68%
Grèce
67%
Inde
67%
Autriche
66%
Monaco
66%
Lettonie
65%
Pérou
65%
Pologne
65%
Colombie
64%
Danemark
64%
Vatican
64%
Hongrie
63%
Royaume-Uni
63%
Croatie
62%
Luxembourg
62%
Pays-Bas
62%
Tunisie
62%
Uruguay
62%
Égypte
61%
Slovaquie
61%
Slovénie
61%
Ukraine
61%
Bolivie
60%
Iran
60%
Paraguay
60%
Biélorussie
59%
Bulgarie
59%
Irak
59%
Malte
59%
Serbie
59%
Cuba
58%
Kosovo
58%
Roumanie
58%
Turquie
58%
Corée du Sud
57%
Bosnie-Herzégovine
56%
Corée du Nord
56%
Venezuela
56%
Équateur
55%
Libye
55%
République démocratique du Congo
55%
République du Congo
55%
Saint-Marin
55%
Chypre
54%
Nouvelle-Zélande
54%
Macédoine
53%
Monténégro
53%
Panama
53%
Indonésie
52%
Moldavie
52%
Afrique du Sud
51%
Guyana
51%
Israël
51%
Laos
51%
Mali
51%
Mongolie
51%
Pakistan
51%
Viêt Nam
50%
Arménie
49%
Belize
49%
Costa Rica
49%
Guatemala
49%
Honduras
49%
Liban
49%
Thaïlande
49%
Guinée
48%
Haiti
48%
Suriname
48%
Tchèquie
48%
Afghanistan
47%
Jamaïque
47%
Liechtenstein
47%
Niger
47%
Syrie
47%
Fidji
46%
Nicaragua
46%
Qatar
46%
Soudan
46%
Togo
46%
Yémen
46%
Cambodge
45%
Oman
45%
Sénégal
45%
Nigeria
44%
Angola
43%
Arabie Saoudite
43%
Bahamas
43%
Géorgie
43%
Ghana
43%
Jordanie
43%
Malaisie
43%
Népal
43%
Kazakhstan
42%
Salvador
42%
Barbade
41%
Bénin
41%
Éthiopie
41%
Kenya
41%
Tonga
41%
Bhoutan
40%
Birmanie
40%
Tchad
40%
Brunei
39%
Dominique
39%
Koweït
39%
Mauritanie
39%
Philippines
39%
Samoa
39%
Somalie
39%
Sri Lanka
39%
Taïwan
39%
Tuvalu
39%
Vanuatu
39%
Antigua-et-Barbuda
38%
Bahreïn
38%
Gabon
38%
Nauru
38%
Singapour
38%
Bangladesh
37%
Cameroun
37%
Gambie
37%
Madagascar
37%
Ouzbékistan
37%
Zambie
37%
Djibouti
36%
Lesotho
36%
Maldives
36%
Soudan du Sud
36%
Azerbaïdjan
35%
Érythrée
35%
Namibie
35%
Sainte-Lucie
35%
Tanzanie
35%
Comores
34%
Grenade
34%
Îles Marshall
34%
Palaos
34%
Rwanda
34%
Saint-Vincent-et-les-Grenadines
34%
Seychelles
34%
Turkménistan
34%
Burundi
33%
Côte d'Ivoire
33%
Guinée-Bissau
33%
Kiribati
33%
Salomon
33%
Cabo Verde
32%
Zimbabwe
32%
Émirats arabes unis
31%
Micronésie
31%
Ouganda
31%
République dominicaine
31%
Tadjikistan
31%
Botswana
30%
Liberia
30%
Saint-Christophe-et-Niévès
30%
Trinité-et-Tobago
30%
Eswatini
29%
Malawi
29%
Mozambique
29%
Guinée équatoriale
28%
Sao Tomé-et-Principe
28%
Sierra Leone
27%
Burkina Faso
26%
Papouasie-Nouvelle-Guinée
26%
Timor oriental
25%
République Centrafricaine
24%
Kirghizistan
23%
Île Maurice
18%

Distribution des résultats

Percentile par nombre de réponses

% des personnes avec chaque résultat

Votre développement - résultats

Vous n’avez pas pris ce quiz